What Movies Are These Sigma Males From?? - Statistics

General Stats
  • This quiz has been taken 534 times
  • The average score is 7 of 13
Answer Stats
Character Film % Correct
Patrick Bateman American Psycho
94%
Tyler Durden Fight Club
84%
Travis Bickle Taxi Driver
74%
Bruce Wayne The Dark Knight
69%
Arthur Fleck Joker
63%
Tony Montana Scarface
63%
Driver Drive
62%
Jordan Belfort The Wolf of Wall Street
61%
Hannibal Lecter The Silence of the Lambs
57%
Jack Torrance The Shining
39%
K Blade Runner 2049
28%
Alex A Clockwork Orange
16%
William 'D-Fens' Foster Falling Down
13%
No matching quizzes found
Score Distribution
Percent of People with Each Score
Percentile by Number Answered
Your Score History
You have not taken this quiz